<?xml version="1.0" encoding="UTF-8"?>
<record
    xmlns:xsi="http://www.w3.org/2001/XMLSchema-instance"
    xsi:schemaLocation="http://www.loc.gov/MARC21/slim http://www.loc.gov/standards/marcxml/schema/MARC21slim.xsd"
    xmlns="http://www.loc.gov/MARC21/slim">

  <leader>03652namaa22004091i 4500</leader>
  <controlfield tag="003">EG-GICUC</controlfield>
  <controlfield tag="005">20260704151307.0</controlfield>
  <controlfield tag="008">260704s2019    ua a|||frm||| 000 0 eng d</controlfield>
  <datafield tag="040" ind1=" " ind2=" ">
    <subfield code="a">EG-GICUC</subfield>
    <subfield code="b">eng</subfield>
    <subfield code="c">EG-GICUC</subfield>
    <subfield code="d">EG-GICUC</subfield>
    <subfield code="e">rda</subfield>
  </datafield>
  <datafield tag="041" ind1="0" ind2=" ">
    <subfield code="a">eng</subfield>
    <subfield code="b">eng</subfield>
    <subfield code="b">ara</subfield>
  </datafield>
  <datafield tag="049" ind1=" " ind2=" ">
    <subfield code="a">Deposit</subfield>
  </datafield>
  <datafield tag="082" ind1="0" ind2="4">
    <subfield code="a">610</subfield>
  </datafield>
  <datafield tag="092" ind1=" " ind2=" ">
    <subfield code="a">610</subfield>
    <subfield code="2">21</subfield>
  </datafield>
  <datafield tag="097" ind1=" " ind2=" ">
    <subfield code="a">M.Sc</subfield>
  </datafield>
  <datafield tag="099" ind1=" " ind2=" ">
    <subfield code="a">Cai01.09.07.M.Sc.2019.Sa.E</subfield>
  </datafield>
  <datafield tag="100" ind1="0" ind2=" ">
    <subfield code="a">Samar Sherif Ali Mostafa,</subfield>
    <subfield code="e">preparation.</subfield>
  </datafield>
  <datafield tag="245" ind1="1" ind2="0">
    <subfield code="a">Evaluation of Bleeding on Brushing Among a group of Egyptian Children after Using Azadirachta Indica (Neem Extract) Mouthwash Versus Chlorhexidine Mouthwash :</subfield>
    <subfield code="b">A Randomized Controlled Trial /</subfield>
    <subfield code="c">by Samar Sherif Ali Mostafa ; Supervised Prof.Dr. Sherif Bahgat Eltawil, Prof.Dr.Sara Ahmed Mahmoud.</subfield>
  </datafield>
  <datafield tag="246" ind1="1" ind2="5">
    <subfield code="a">&#x62A;&#x642;&#x64A;&#x64A;&#x645; &#x627;&#x644;&#x646;&#x632;&#x64A;&#x641; &#x645;&#x639; &#x627;&#x633;&#x62A;&#x62E;&#x62F;&#x627;&#x645; &#x641;&#x631;&#x634;&#x627;&#x629; &#x627;&#x644;&#x623;&#x633;&#x646;&#x627;&#x646; &#x628;&#x64A;&#x646; &#x645;&#x62C;&#x645;&#x648;&#x639;&#x629; &#x645;&#x646; &#x627;&#x644;&#x623;&#x637;&#x641;&#x627;&#x644; &#x627;&#x644;&#x645;&#x635;&#x631;&#x64A;&#x64A;&#x646; &#x628;&#x639;&#x62F; &#x627;&#x633;&#x62A;&#x62E;&#x62F;&#x627;&#x645; &#x63A;&#x633;&#x648;&#x644; &#x627;&#x644;&#x641;&#x645; &#x623;&#x632;&#x627;&#x62F;&#x64A;&#x631;&#x627;&#x62E;&#x62A;&#x627; (&#x645;&#x633;&#x62A;&#x62E;&#x631;&#x62C; &#x627;&#x644;&#x646;&#x64A;&#x645;)&#x645;&#x642;&#x627;&#x628;&#x644; &#x63A;&#x633;&#x648;&#x644; &#x627;&#x644;&#x641;&#x645; &#x627;&#x644;&#x643;&#x644;&#x648;&#x631;&#x647;&#x64A;&#x643;&#x633;&#x64A;&#x62F;&#x64A;&#x646; :</subfield>
    <subfield code="b">&#x62A;&#x62C;&#x631;&#x628;&#x629; &#x639;&#x634;&#x648;&#x627;&#x626;&#x64A;&#x629; &#x636;&#x627;&#x628;&#x637;&#x629;</subfield>
  </datafield>
  <datafield tag="264" ind1=" " ind2="0">
    <subfield code="c">2019.</subfield>
  </datafield>
  <datafield tag="300" ind1=" " ind2=" ">
    <subfield code="a">118 p. :</subfield>
    <subfield code="b">illustrations ; </subfield>
    <subfield code="c">25 cm. + </subfield>
    <subfield code="e">CD.</subfield>
  </datafield>
  <datafield tag="336" ind1=" " ind2=" ">
    <subfield code="a">text</subfield>
    <subfield code="2">rda content</subfield>
  </datafield>
  <datafield tag="337" ind1=" " ind2=" ">
    <subfield code="a">Unmediated</subfield>
    <subfield code="2">rdamedia</subfield>
  </datafield>
  <datafield tag="338" ind1=" " ind2=" ">
    <subfield code="a">volume</subfield>
    <subfield code="2">rdacarrier</subfield>
  </datafield>
  <datafield tag="502" ind1=" " ind2=" ">
    <subfield code="a">Thesis (M.Sc.)-Cairo University - Faculty of Oral and Dental Medicine - Department of Pediatric Dentistry and Dental Public Health</subfield>
  </datafield>
  <datafield tag="504" ind1=" " ind2=" ">
    <subfield code="a">Bibliography: p. 95-104.</subfield>
  </datafield>
  <datafield tag="520" ind1=" " ind2="3">
    <subfield code="a">Objective: This study was carried out to evaluate the bleeding on brushing among a group
of Egyptian children after using Azadirachta Indica (Neem extract) mouthwash versus
Chlorhexidine mouthwash.
Participants and Method: Ninety six healthy children aged from 8-10 years old were
selected from the clinic of Pediatric Dentistry and Dental Public Health Department,
Faculty of Dentistry, Cairo University after obtaining a written consent from their guardians
and clearance from the Ethical Committee. The children included in this study suffered
from bleeding on brushing and probing, change in color of gingiva due to inflammation and
no edema. They were randomly divided into two groups, group (A): forty eight children
used 0.125% chlorhexidine mouthwash and group (B): forty eight children used 2% neem
extract mouthwash.
Results: The results showed that the effect of Neem extract mouthwash and 0.125%
Chlorhexidine mouthwash on reducing gingival bleeding were statistically significant .
Besides, the results also showed that there was no a statistical significant difference (pvalue=1) between the two mouthwashes regarding their effects on gingival bleeding on
brushing.
Conclusion: Despite the limitation of our study, this study concluded that: Neem extract
mouthwash was effective in controlling gingival bleeding on brushing . Neem extract
mouthwash had a higher efficacy than Chlorhexidine mouthwash in decreasing sulcus
bleeding index scores in a group of Egyptian children . Neem extract mouthwash could be
very good cost-effective alternative to Chlorhexidine mouthwash with less side-effects</subfield>
  </datafield>
  <datafield tag="530" ind1=" " ind2=" ">
    <subfield code="a">Issues also as CD.</subfield>
  </datafield>
  <datafield tag="546" ind1=" " ind2=" ">
    <subfield code="a">Text in English and abstract in Arabic &amp; English.</subfield>
  </datafield>
  <datafield tag="650" ind1=" " ind2="0">
    <subfield code="a">Dentistry</subfield>
  </datafield>
  <datafield tag="653" ind1=" " ind2="1">
    <subfield code="a">Bleeding on Brushing</subfield>
  </datafield>
  <datafield tag="700" ind1="0" ind2=" ">
    <subfield code="a">Sherif Bahgat Eltawil</subfield>
    <subfield code="e">thesis advisor.</subfield>
  </datafield>
  <datafield tag="700" ind1="0" ind2=" ">
    <subfield code="a">Sara Ahmed Mahmoud</subfield>
    <subfield code="e">thesis advisor.</subfield>
  </datafield>
  <datafield tag="900" ind1=" " ind2=" ">
    <subfield code="b">01-01-2019</subfield>
    <subfield code="c">Sherif Bahgat Eltawil</subfield>
    <subfield code="c">Sara Ahmed Mahmoud</subfield>
    <subfield code="U">Cairo University</subfield>
    <subfield code="F">Faculty of Oral and Dental Medicine</subfield>
    <subfield code="D">Department of Pediatric Dentistry and Dental Public Health</subfield>
  </datafield>
  <datafield tag="905" ind1=" " ind2=" ">
    <subfield code="a">Shimaa</subfield>
  </datafield>
  <datafield tag="942" ind1=" " ind2=" ">
    <subfield code="2">ddc</subfield>
    <subfield code="c">TH</subfield>
    <subfield code="e">21</subfield>
    <subfield code="n">0</subfield>
  </datafield>
  <datafield tag="999" ind1=" " ind2=" ">
    <subfield code="c">180690</subfield>
  </datafield>
  <datafield tag="952" ind1=" " ind2=" ">
    <subfield code="2">ddc</subfield>
    <subfield code="9">319422</subfield>
    <subfield code="a">CUCL</subfield>
    <subfield code="b">cl210</subfield>
    <subfield code="d">2026-07-04</subfield>
    <subfield code="i">85953</subfield>
    <subfield code="o">Cai01.09.07.M.Sc.2019.Sa.E</subfield>
    <subfield code="p">01010110085953000</subfield>
    <subfield code="r">2026-07-04 14:13:50</subfield>
    <subfield code="w">2026-07-04</subfield>
    <subfield code="y">TH</subfield>
  </datafield>
</record>
